000 00490nam a2200181Ia 4500
008 240925s9999 xx 000 0 und d
020 _a8126503696
082 _a006.6 MUR
100 _aMurdock ,Kelly L.
245 0 _a3Ds Max 5 Bible
250 _aNA
260 _aNew Delhi:
_bNewWiley -dreamtech Press
_c,2003.
300 _axv,440p.
_bNA
_fPirated
500 _aIncludes Index
600 _aComputer Science
650 _aComputer science, information & general works
942 _cBK
999 _c7926
_d7926